00514nam a2200217Ia 450000500170000000800460001702000180006303700100008104000080009104000080009904000080010704100080011504100080012308400080013110000220013924500200016126000230018126000090020465000300021385600530024320260121161452.0008 260114s9999 xx 000 0 eng d a9781315127002 aEBOOK aCRL beng cCRL 2eng aeng qCRL aPopulation Growth 0aRonald Freedman bTaylor and Francis c2008 aSociology & Social Policy uhttp://www.taylorfrancis.com/books/9781315127002